| 000 | 00727cab a2200241 4500 | ||
|---|---|---|---|
| 001 | WB3321-26 | ||
| 008 | 090401t1997 xxu||||| |||| 00| 0 eng d | ||
| 035 | _a(Sirsi) u78609 | ||
| 041 | _aeng | ||
| 245 | _aUnified source of information | ||
| 260 | _c1997 | ||
| 350 | _a0 | ||
| 490 |
_aFinancial Times _v28 May 1997, 10(2) |
||
| 520 | _aGIS is being used increasingly on the Internet to create `intelligent maps` - maps that are linked to textual data, providing a unified source of information. | ||
| 650 | _aGIS | ||
| 650 | _aGIS | ||
| 650 | _aINTELLIGENT MAPS | ||
| 650 | _aINTERNET | ||
| 650 | _aMAPS | ||
| 690 | _aMANAGEMENT-BUSINESS MANAGEMENT-INFORMATION MANAGEMENT | ||
| 942 | _n0 | ||
| 948 | _c28/05/1997 | ||
| 999 |
_c49436 _d49436 |
||